[Event "AUTO-MASTER-3295"]
[Site "http://www.queenalice.com/game.php?id=1868903"]
[Date "2026.2.4"]
[Round "1"]
[White "Pipo712"]
[Black "mvson33"]
[Result "1/2-1/2"]
[WhiteElo "2100"]
[BlackElo "1902"]

1. c4 e5 2. Nc3 Nf6 3. g3 d6 4. Bg2 Be7 5. Nf3 O-O 6. d3 Nc6 7. O-O Bg4 8. h3
Be6 9. e4 Qd7 10. Ng5 Rad8 11. f4 Qc8 12. f5 Bd7 13. g4 Nd4 14. Nf3 Nxf3+ 15.
Qxf3 c6 16. g5 Ne8 17. h4 Nc7 18. h5 d5 19. cxd5 cxd5 20. exd5 Bd6 21. Be3 a6
22. g6 fxg6 23. hxg6 Bxf5 24. gxh7+ Kh8 25. Qe2 Bg4 26. Qd2 Rxf1+ 27. Rxf1 Rf8
28. Be4 Rxf1+ 29. Kxf1 Bf5 30. Qf2 Bxe4 31. dxe4 Qh3+ 32. Ke2 Qxh7 33. Bc5 Bxc5
34. Qxc5 Qh2+ 35. Qf2 Qxf2+ 36. Kxf2 Ne8 37. a4 Kg8 38. a5 Kf7 39. Kf3 Ke7 40.
Ne2 Kd6 41. b4 Kc7 42. Ke3 b6 43. Kd3 bxa5 44. bxa5 Nd6 45. Ng1 Nb7 46. Nf3 Nxa5
47. Nxe5 Nb7 48. Kd4 a5 49. Nd3 Kd6 50. e5+ Ke7 51. Kc4 g5 52. Nf2 Kd7 53. e6+
Kd6 54. Ne4+ Ke7 55. Nxg5 Kd6 56. Kd4 a4 57. Ne4+ Ke7 58. Nc3 a3 59. Kc4 Nd8 60.
Kc5 Nxe6+ 61. dxe6 Kxe6 62. Kb4 a2 63. Nxa2 Ke5 1/2-1/2

[Event "AUTO-MASTER-3295"]
[Site "http://www.queenalice.com/game.php?id=1868904"]
[Date "2026.2.4"]
[Round "1"]
[White "mvson33"]
[Black "Pipo712"]
[Result "0-1"]
[WhiteElo "1911"]
[BlackElo "2091"]

1. Nf3 d5 2. d4 Nf6 3. e3 b6 4. Be2 Bb7 5. O-O e6 6. Bd2 Nbd7 7. c4 a6 8. cxd5
exd5 9. Nc3 Bd6 10. Rc1 O-O 11. Qc2 Rc8 12. Bd3 c5 13. dxc5 Nxc5 14. Be2 b5 15.
a3 Nce4 16. Qd1 Qe7 17. Bd3 Ng4 18. h3 Ne5 19. Bb1 Nc4 20. Qc2 g6 21. Be1 f5 22.
Nd4 Be5 23. Qe2 Qf6 24. Bxe4 dxe4 25. Nb3 Nxa3 26. bxa3 Bxc3 27. Bxc3 Rxc3 28.
Rxc3 Qxc3 29. Nd4 Bd5 30. Rd1 Bc4 31. Qd2 Qxa3 32. Rc1 Qd6 33. Qc3 Rc8 34. Nb3
Be6 35. Qb2 Rxc1+ 36. Nxc1 b4 37. Ne2 Bc4 38. Nd4 a5 39. Qa1 Qa6 40. Qa4 Qa8 41.
Nc6 Qe8 42. Qxa5 Qxc6 43. Qxb4 Qd5 44. Qb8+ Kg7 45. Qc7+ Kh6 46. Qf4+ Kg7 47.
Qc7+ Qf7 48. Qxf7+ Kxf7 49. Kh2 Kf6 50. Kg3 g5 51. Kh2 Ke5 52. g3 Be2 53. h4 g4
54. Kg1 Kd5 55. Kh2 Kc4 56. Kg1 Kd3 57. Kg2 Kd2 58. Kg1 Ke1 59. Kg2 Bf3+ 60. Kg1
Bh1 61. Kxh1 Kxf2 62. Kh2 Kf3 0-1

[Event "AUTO-MASTER-3295"]
[Site "http://www.queenalice.com/game.php?id=1868905"]
[Date "2026.2.4"]
[Round "1"]
[White "Pipo712"]
[Black "alvm"]
[Result "1-0"]
[WhiteElo "2126"]
[BlackElo "2170"]

1. e4 c6 2. d4 d5 3. Nc3 dxe4 4. Nxe4 Bf5 5. Ng3 Bg6 6. Nf3 Nd7 7. h4 h6 8. h5
Bh7 9. Bd3 Bxd3 10. Qxd3 Ngf6 11. Bd2 e6 12. O-O-O Be7 13. Ne4 Nxe4 14. Qxe4 Nf6
15. Qd3 O-O 16. Ne5 Nd5 17. a3 Rc8 18. g3 c5 19. dxc5 Rxc5 20. c4 Qc7 21. f4 Bf6
22. Bb4 Nxb4 23. axb4 Rxe5 24. fxe5 Qxe5 25. Qc2 Qxg3 26. Rd3 Qf4+ 27. Kb1 Rc8
28. b3 b5 29. Rhd1 Qe5 30. Rd4 bxc4 31. bxc4 Qxh5 32. Rd7 a5 33. b5 Qc5 34. Qb3
Qe5 35. Ka2 Qe2+ 36. R1d2 Qxc4 37. Qxc4 Rxc4 38. Rb7 h5 39. b6 Ra4+ 40. Kb1 Ra1+
41. Kc2 Ra2+ 42. Kd3 Ra3+ 43. Kc4 h4 44. Rb8+ Kh7 45. b7 Be5 46. Rf8 h3 47. b8=Q
Bxb8 48. Rxb8 g5 49. Rh2 Kh6 50. Rh8+ Kg6 51. R8xh3 Ra4+ 52. Kc5 f5 53. Kd6 g4
54. Rh6+ Kg5 55. Rxe6 f4 56. Rhh6 f3 57. Ke5 1-0

[Event "AUTO-MASTER-3295"]
[Site "http://www.queenalice.com/game.php?id=1868906"]
[Date "2026.2.4"]
[Round "1"]
[White "alvm"]
[Black "Pipo712"]
[Result "0-1"]
[WhiteElo "2173"]
[BlackElo "2089"]

1. d4 Nf6 2. c4 e6 3. Nf3 b6 4. Nc3 Bb7 5. Bg5 d5 6. e3 Be7 7. Bd3 a6 8. O-O
Nbd7 9. Rc1 O-O 10. Re1 Rc8 11. cxd5 exd5 12. e4 dxe4 13. Nxe4 Nxe4 14. Bxe7
Qxe7 15. Nd2 f5 16. f3 Qd6 17. fxe4 Qxd4+ 18. Kh1 Qxd3 19. exf5 Rxf5 20. Re7 Rf2
21. Nf3 Rxf3 22. Rxd7 Qxd1+ 23. Rcxd1 Rf2 24. Rd8+ Rf8 25. Rxc8 Bxc8 26. h3 Be6
27. b3 c6 28. Kg1 Bd5 29. Rd2 b5 30. Kh2 a5 31. Kg3 Ra8 32. Kf4 Re8 33. g4 a4
34. bxa4 bxa4 35. h4 Re4+ 36. Kg3 Rb4 37. g5 a3 38. Kh3 Rb2 39. Rd3 Rxa2 40. Re3
Ra1 41. h5 g6 42. h6 a2 43. Re8+ Kf7 44. Rh8 Rh1+ 45. Kg3 a1=Q 46. Rxh7+ Ke6 0-1

[Event "AUTO-MASTER-3297"]
[Site "http://www.queenalice.com/game.php?id=1869751"]
[Date "2026.2.25"]
[Round "1"]
[White "mvson33"]
[Black "Pipo712"]
[Result "0-1"]
[WhiteElo "1872"]
[BlackElo "2106"]

1. Nf3 d5 2. d4 Nf6 3. e3 Bf5 4. Nc3 e6 5. Be2 Nbd7 6. O-O h6 7. Bd2 c6 8. Rc1
a6 9. a3 Bd6 10. Na2 O-O 11. c4 dxc4 12. Bxc4 Rc8 13. Nc3 b5 14. Ba2 c5 15. dxc5
Bxc5 16. h3 Qe7 17. Bb1 Bxb1 18. Nxb1 Rfd8 19. Qe2 Ne4 20. Rfd1 Nxd2 21. Rxd2
Bb6 22. Rcd1 Nf6 23. Rxd8+ Rxd8 24. Rxd8+ Qxd8 25. Nc3 Qd6 26. Qd1 Qxd1+ 27.
Nxd1 Kf8 28. Kf1 Ke7 29. Nc3 Kd6 30. Ke2 e5 31. Nh4 g6 32. Nf3 Bc7 33. Kd2 Kc5
34. b3 Nd5 35. Nxd5 Kxd5 36. Kc3 e4 37. Nd2 Bh2 38. a4 Bg1 39. f3 exf3 40. e4+
Kc5 41. gxf3 Bd4+ 42. Kc2 Be3 43. axb5 axb5 44. Nf1 Bf4 45. Nd2 Kd4 46. Nf1 b4
47. Nd2 Ke3 48. Kd1 Kd3 49. Nc4 Kc3 50. Na5 Bc7 51. Nc6 Kxb3 52. Kc1 Ka3 53. Kb1
Kb3 54. Ne7 Bd6 55. Nc6 Kc3 56. Nd8 f6 57. Nc6 Kd3 58. Kb2 Ke3 59. Kb3 Kxf3 60.
Nxb4 Bxb4 61. Kxb4 Kxe4 62. Kc5 f5 63. Kd6 f4 0-1

[Event "AUTO-MASTER-3297"]
[Site "http://www.queenalice.com/game.php?id=1869752"]
[Date "2026.2.25"]
[Round "1"]
[White "Pipo712"]
[Black "IranSilva"]
[Result "1-0"]
[WhiteElo "2112"]
[BlackElo "2193"]

1. e4 e5 2. Nf3 Nf6 3. Nxe5 d6 4. Nf3 Nxe4 5. d4 d5 6. Bd3 Nf6 7. O-O Be7 8. h3
O-O 9. Re1 h6 10. c4 c6 11. Nc3 dxc4 12. Bxc4 Nbd7 13. Bf4 Nb6 14. Bb3 Bf5 15.
Ne5 Nbd5 16. Bg3 Re8 17. Qf3 Be6 18. Rad1 a5 19. Nxd5 Nxd5 20. a3 a4 21. Ba2 Bf6
22. Bb1 Ne7 23. Ng4 Bxd4 24. Qe4 Nf5 25. Be5 1-0

[Event "AUTO-MASTER-3297"]
[Site "http://www.queenalice.com/game.php?id=1869753"]
[Date "2026.2.25"]
[Round "1"]
[White "IranSilva"]
[Black "Pipo712"]
[Result "1-0"]
[WhiteElo "2157"]
[BlackElo "2139"]

1. d4 Nf6 2. c4 e6 3. Nc3 Bb4 4. Nf3 O-O 5. Bd2 d5 6. e3 Nc6 7. cxd5 exd5 8. Bd3
Re8 9. O-O a6 10. Rc1 Bf8 11. Na4 Bg4 12. h3 Bxf3 13. Qxf3 Ne4 14. Rfd1 Nxd2 15.
Rxd2 g6 16. Nc5 Bxc5 17. Rxc5 Ne7 18. Rdc2 c6 19. b4 Qd6 20. a3 Kg7 21. Qd1 f5
22. Qb1 Ng8 23. a4 Nf6 24. b5 axb5 25. axb5 Rec8 26. bxc6 bxc6 27. Qb7+ Rc7 28.
Qxa8 1-0

[Event "AUTO-OPEN-4641"]
[Site "http://www.queenalice.com/game.php?id=1869924"]
[Date "2026.2.27"]
[Round "1"]
[White "Carlos19"]
[Black "Pipo712"]
[Result "0-1"]
[WhiteElo "1775"]
[BlackElo "2097"]

1. e4 c5 2. Bc4 e6 3. d3 a6 4. Nc3 d6 5. Nf3 Nf6 6. Bg5 Nbd7 7. h3 Be7 8. O-O
Qc7 9. a4 b6 10. Bxf6 Nxf6 11. Bb3 Bb7 12. Re1 O-O 13. e5 Bxf3 14. Qxf3 dxe5 15.
Ne4 Nd7 16. c4 Nb8 17. Qg3 Nc6 18. h4 Nd4 19. Ba2 Nc2 20. Ng5 h6 21. Nf3 Nxa1
22. Rxa1 Qd6 23. Nxe5 Rad8 24. Rd1 Bf6 25. f4 Qd4+ 26. Qf2 Bxe5 27. fxe5 Qxe5
28. Re1 Qd4 29. Qxd4 Rxd4 30. Rd1 Rfd8 31. Bb1 Rxh4 32. g3 Rxc4 33. b3 Rcd4 34.
Kf2 b5 35. a5 c4 36. bxc4 bxc4 37. Ke2 Kf8 38. Bc2 cxd3+ 39. Bxd3 Ke7 40. Ke3
Rxd3+ 41. Rxd3 Rxd3+ 42. Kf2 Ra3 0-1

[Event "AUTO-OPEN-4641"]
[Site "http://www.queenalice.com/game.php?id=1869925"]
[Date "2026.2.27"]
[Round "1"]
[White "Pipo712"]
[Black "Carlos19"]
[Result "1-0"]
[WhiteElo "2071"]
[BlackElo "1779"]

1. e4 e5 2. Nf3 Nc6 3. Bb5 Bd6 4. O-O a6 5. Bxc6 dxc6 6. h3 Nf6 7. d3 h6 8. Nc3
Bb4 9. Nxe5 Bxc3 10. bxc3 O-O 11. f4 c5 12. Ba3 b6 13. Qf3 Nd7 14. Nxd7 Bxd7 15.
d4 Qe7 16. dxc5 bxc5 17. Qe3 Rfe8 18. Rfe1 Bc6 19. e5 f5 20. Bxc5 Qd7 21. Rad1
Qf7 22. e6 Rxe6 23. Qxe6 Qxe6 24. Rxe6 Bb5 25. Re7 Bc4 26. Rxc7 Bxa2 27. Rdd7
Kh8 28. Bd4 Rg8 29. c4 Bb1 30. Rxg7 Rxg7 31. Rxg7 Bxc2 32. Ra7+ Kg8 33. Rxa6 Kh7
34. c5 Bd3 35. Rb6 h5 36. c6 1-0

[Event "AUTO-MASTER-3289"]
[Site "http://www.queenalice.com/game.php?id=1869972"]
[Date "2026.2.28"]
[Round "2"]
[White "Pipo712"]
[Black "Guilherme_Ottoni"]
[Result "1-0"]
[WhiteElo "2075"]
[BlackElo "2233"]

1. e4 e5 2. Nf3 Nc6 3. Bb5 a6 4. Ba4 Nf6 5. O-O Be7 6. d3 b5 7. Bb3 O-O 8. c3 d6
9. h3 h6 10. Re1 Re8 11. Nbd2 Bf8 12. a4 Bb7 13. Nf1 Na5 14. Bc2 c5 15. Ng3 Nc6
16. d4 cxd4 17. cxd4 Qc7 18. d5 Na5 19. b4 Nc4 20. a5 Bc8 21. Bb3 Bd7 22. Nd2
Nxd2 23. Bxd2 Rac8 24. Rc1 Qb7 25. Qe2 Rxc1 26. Rxc1 Rc8 27. Qf3 Rxc1+ 28. Bxc1
Be7 29. Nf5 Bxf5 30. Qxf5 Qd7 31. Qf3 Qc7 32. Bd2 Nh7 33. g3 Bg5 34. Qe2 Bxd2
35. Qxd2 Ng5 36. Qc2 Qxc2 37. Bxc2 Nxh3+ 38. Kg2 Ng5 39. Bd3 Kf8 40. f3 Ke7 41.
Bxb5 f6 42. Bxa6 Kd7 43. b5 Kc7 44. b6+ Kb8 45. Bb5 Nf7 46. a6 Nd8 47. Bc6 Nxc6
48. dxc6 1-0

[Event "AUTO-MASTER-3289"]
[Site "http://www.queenalice.com/game.php?id=1869973"]
[Date "2026.2.28"]
[Round "2"]
[White "Guilherme_Ottoni"]
[Black "Pipo712"]
[Result "1-0"]
[WhiteElo "2223"]
[BlackElo "2100"]

1. e4 c5 2. Nf3 d6 3. Bb5+ Nd7 4. O-O a6 5. Be2 Ngf6 6. d3 e6 7. a4 b6 8. c3 Bb7
9. Re1 Be7 10. Nbd2 O-O 11. Bf1 Qc7 12. h3 Rfe8 13. Qc2 Rac8 14. Nc4 b5 15. axb5
axb5 16. Ncd2 Bf8 17. Nb3 c4 18. Nbd4 Qb6 19. Be3 e5 20. Ne6 Qc6 21. Nxf8 Kxf8
22. Red1 cxd3 23. Bxd3 Nc5 24. Bxc5 dxc5 25. c4 b4 26. Nd2 Ra8 27. f3 Rxa1 28.
Rxa1 Ra8 29. Qb1 Ne8 30. Nb3 Qb6 31. Rxa8 Bxa8 32. Qa1 Nc7 33. Qa5 Qxa5 34. Nxa5
Ke7 35. Kf2 Ne6 36. Nb3 Kd6 37. g3 h5 38. Ke3 g5 39. Na5 Nd4 40. Be2 f5 41. exf5
Nxf5+ 42. Kf2 Nd4 43. Bd1 Ke6 44. Nb3 Kf5 45. Nxc5 Bc6 46. Ke3 Kf6 47. Nd3 Nf5+
48. Kf2 Nd4 49. Nxb4 Bb7 50. Nd3 Bc8 51. g4 h4 52. b4 Be6 53. c5 Nb5 54. Ba4 Bc4
55. Bxb5 Bxb5 56. Ke3 Ke6 57. Nf2 Bf1 58. Ne4 1-0

[Event "AUTO-ADV-4904"]
[Site "http://www.queenalice.com/game.php?id=1870601"]
[Date "2026.3.15"]
[Round "3"]
[White "Pin"]
[Black "Pipo712"]
[Result "1-0"]
[WhiteElo "2080"]
[BlackElo "2107"]

1. e4 c5 2. Nf3 d6 3. Nc3 Nf6 4. Bb5+ Bd7 5. d3 Nc6 6. O-O e6 7. Re1 Be7 8. h3
Qc7 9. Bf4 O-O 10. Qe2 a6 11. Bxc6 Bxc6 12. e5 Nd7 13. exd6 Bxd6 14. Ne5 Nxe5
15. Bxe5 Bxe5 16. Qxe5 Qxe5 17. Rxe5 b6 18. Rae1 Rfd8 19. b3 Rac8 20. R5e2 b5
21. Ne4 Bxe4 22. Rxe4 Rd6 23. f4 g6 24. Kf2 Kg7 25. Kf3 h5 26. g3 Rcd8 27. a3
Rd4 28. Re5 c4 29. dxc4 bxc4 30. R1e3 cxb3 31. cxb3 Rd3 32. Ra5 Rxe3+ 33. Kxe3
Rd6 34. b4 Rb6 35. Kd4 Rc6 36. a4 Kf8 37. b5 axb5 38. axb5 Rc1 39. Ke5 Kg7 40.
b6 Rb1 41. Ra6 Rb3 42. Kd6 Rxg3 43. b7 Rb3 44. Kc7 Rxb7+ 45. Kxb7 Kf6 46. Ra5
1-0

[Event "AUTO-ADV-4904"]
[Site "http://www.queenalice.com/game.php?id=1870602"]
[Date "2026.3.15"]
[Round "3"]
[White "Pipo712"]
[Black "Pin"]
[Result "0-1"]
[WhiteElo "2138"]
[BlackElo "2054"]

1. e4 c5 2. Nf3 d6 3. d4 cxd4 4. Nxd4 Nf6 5. Nc3 a6 6. Be3 e5 7. Nb3 Be6 8. f3
Be7 9. Qd2 Nbd7 10. O-O-O O-O 11. g4 Nc5 12. Kb1 b5 13. g5 Nfd7 14. h4 Rc8 15.
Nd5 Bxd5 16. exd5 Nxb3 17. axb3 Nc5 18. b4 Na4 19. c3 Nb6 20. Qf2 Nc4 21. Bc1 a5
22. b3 axb4 23. cxb4 Nb6 24. Bb2 Qd7 25. Bh3 Qa7 26. Bxc8 Rxc8 27. Rc1 Ra8 28.
Rc6 Qa2+ 29. Kc2 Nxd5 30. Ra1 Nxb4+ 31. Kc1 Qxa1+ 32. Bxa1 Rxa1+ 33. Kb2 Ra2+
34. Kc3 Nd5+ 35. Kd3 Rxf2 0-1

[Event "AUTO-OPEN-4646"]
[Site "http://www.queenalice.com/game.php?id=1871366"]
[Date "2026.4.4"]
[Round "1"]
[White "cerenzo72"]
[Black "Pipo712"]
[Result "1-0"]
[WhiteElo "2150"]
[BlackElo "2076"]

1. c4 c5 2. Nf3 Nf6 3. Nc3 e6 4. g3 b6 5. Bg2 Bb7 6. O-O d6 7. e3 a6 8. d4 Nbd7
9. d5 e5 10. e4 Be7 11. Nh4 O-O 12. Nf5 Re8 13. Nxe7+ Qxe7 14. f4 exf4 15. Bxf4
Ne5 16. Qe2 Ng6 17. Bg5 Ne5 18. Bxf6 gxf6 19. Qf2 Nxc4 20. b3 Ne5 21. Qxf6 Qxf6
22. Rxf6 Rad8 23. Raf1 b5 24. h4 Rf8 25. Bh3 Kg7 26. Ne2 Rh8 27. R6f2 h5 28. Nf4
Bc8 29. Bxc8 Rxc8 30. Nh3 c4 31. bxc4 bxc4 32. Rc2 Rc7 33. Nf4 Kh6 34. Rfc1 Rhc8
35. Rc3 a5 36. Ng2 Rb7 37. Ne3 Rb4 38. Nf5+ Kh7 39. Nxd6 Rc5 40. a3 Rb2 41. Nxc4
Ng4 42. d6 Nf6 43. Nxb2 1-0

[Event "AUTO-OPEN-4646"]
[Site "http://www.queenalice.com/game.php?id=1871367"]
[Date "2026.4.4"]
[Round "1"]
[White "Pipo712"]
[Black "cerenzo72"]
[Result "0-1"]
[WhiteElo "2091"]
[BlackElo "2116"]

1. e4 e5 2. Nf3 d6 3. d4 exd4 4. Nxd4 g6 5. Nc3 Bg7 6. Be3 Nf6 7. f3 O-O 8. Qd2
c6 9. h4 Nh5 10. Bf2 d5 11. g4 Nf6 12. e5 Nfd7 13. f4 Nc5 14. O-O-O Bxg4 15. Re1
Nbd7 16. Kb1 Bh6 17. Rg1 Bh5 18. Bh3 Re8 19. Nf5 Bf8 20. Re3 Kh8 21. Reg3 b5 22.
Nd4 b4 23. Nd1 Ne4 24. Qe3 Nxg3 25. Qxg3 c5 26. Nf5 Bxd1 27. Rxd1 gxf5 28. Rxd5
Qe7 29. Bxf5 Red8 30. Rd1 Nxe5 31. Re1 Qd6 0-1

[Event "AUTO-MASTER-3300"]
[Site "http://www.queenalice.com/game.php?id=1871444"]
[Date "2026.4.5"]
[Round "1"]
[White "Pipo712"]
[Black "Guilherme_Ottoni"]
[Result "1/2-1/2"]
[WhiteElo "2071"]
[BlackElo "2245"]

1. e4 e5 2. Nf3 Nc6 3. Bb5 a6 4. Ba4 Nf6 5. O-O Nxe4 6. d4 b5 7. Bb3 d5 8. dxe5
Be6 9. c3 Bc5 10. Nbd2 O-O 11. Bc2 Nxf2 12. Rxf2 f6 13. Nb3 Bxf2+ 14. Kxf2 fxe5
15. Kg1 Bg4 16. h3 Bxf3 17. gxf3 Ne7 18. Bg5 c6 19. Qe2 Qd6 20. Re1 Ng6 21. Bxg6
hxg6 22. f4 e4 23. Qe3 a5 24. Rd1 a4 25. Nc5 Rae8 26. a3 Rf5 27. h4 d4 28. Nxe4
Qe6 29. Rxd4 c5 30. Rd8 Rxd8 31. Bxd8 Rf8 32. Bc7 Qg4+ 33. Qg3 Qd1+ 34. Kg2 Qe2+
35. Nf2 Kh7 36. Be5 Rf7 37. Qd3 Qxd3 38. Nxd3 Rd7 39. Nxc5 Rd2+ 40. Kg3 Rxb2 41.
Ne6 Rb3 42. Nc7 Rxa3 43. Nxb5 Rb3 44. Nd6 a3 45. Kg4 a2 46. c4 Re3 47. Ba1 Re1
48. Bc3 a1=Q 49. Bxa1 Rxa1 50. Kf3 Ra6 51. c5 Rc6 52. Ne4 Kh6 53. Ke3 Kh5 54.
Kd4 Kxh4 55. Kd5 Rc8 56. Ng5 Kg4 57. Ne6 Kf5 58. Nxg7+ Kxf4 59. Ne6+ Kf5 60. Kd6
g5 61. Nxg5 Kxg5 1/2-1/2

[Event "AUTO-MASTER-3300"]
[Site "http://www.queenalice.com/game.php?id=1871445"]
[Date "2026.4.5"]
[Round "1"]
[White "Guilherme_Ottoni"]
[Black "Pipo712"]
[Result "1/2-1/2"]
[WhiteElo "2251"]
[BlackElo "2063"]

1. e4 c5 2. Nf3 d6 3. Bb5+ Nd7 4. O-O Nf6 5. Qe2 e6 6. b3 Be7 7. Bb2 O-O 8. d4
cxd4 9. Nxd4 a6 10. Bd3 Qc7 11. c4 b6 12. Nd2 Bb7 13. Rac1 Rac8 14. Rfd1 Rfe8
15. Kh1 Bf8 16. h3 Qb8 17. f4 e5 18. fxe5 dxe5 19. Nf5 Nc5 20. Bb1 Qa8 21. Ng3
g6 22. Bc2 Bh6 23. b4 Bxd2 24. Rxd2 Ncxe4 25. Nxe4 Bxe4 26. Rd6 Re6 27. Rxe6
fxe6 28. Bxe5 Bxc2 29. Bxf6 Bf5 30. Kh2 Qe4 31. Qxe4 Bxe4 32. c5 bxc5 33. bxc5
Kf7 34. Bg5 Bd5 35. a3 a5 36. Bd2 a4 37. Rf1+ Kg8 38. Bb4 e5 39. g4 e4 40. Kg3
Rc7 41. Rf2 Rf7 42. Rxf7 Kxf7 43. Kf4 Ke6 44. Ke3 g5 45. Kd4 Bc6 46. Bd2 h6 47.
Ba5 Bd5 48. Be1 1/2-1/2

[Event "AUTO-MASTER-3300"]
[Site "http://www.queenalice.com/game.php?id=1871446"]
[Date "2026.4.5"]
[Round "1"]
[White "Pipo712"]
[Black "Capixabba789"]
[Result "1-0"]
[WhiteElo "2123"]
[BlackElo "1897"]

1. e4 e5 2. Nf3 d6 3. d4 exd4 4. Nxd4 Nf6 5. Nc3 Be7 6. Bf4 O-O 7. f3 Bd7 8. g4
Nc6 9. Qd2 Nxd4 10. Qxd4 Bc6 11. O-O-O a6 12. Qe3 Qc8 13. h4 Re8 14. h5 b5 15.
g5 Nd7 16. Bh3 Qd8 17. Nd5 Bxd5 18. Rxd5 Nb6 19. Rdd1 Nc4 20. Qg1 a5 21. g6 fxg6
22. hxg6 h6 23. Be6+ Kh8 24. Bxh6 Bf6 25. Bg5# 1-0

[Event "AUTO-MASTER-3300"]
[Site "http://www.queenalice.com/game.php?id=1871447"]
[Date "2026.4.5"]
[Round "1"]
[White "Capixabba789"]
[Black "Pipo712"]
[Result "0-1"]
[WhiteElo "1884"]
[BlackElo "2102"]

1. d4 Nf6 2. c4 g6 3. Nc3 d5 4. c5 Bg7 5. f4 c6 6. Nf3 O-O 7. e3 b6 8. cxb6 axb6
9. Bd3 b5 10. Ne2 Nbd7 11. Ng3 Ba6 12. Ne5 Nxe5 13. fxe5 Ne8 14. O-O e6 15. Bd2
c5 16. dxc5 Bxe5 17. Bb4 Nc7 18. Rb1 f5 19. a3 Rf7 20. Bd2 Qf8 21. b4 Qg7 22.
Qe1 Bb7 23. Kh1 Rxa3 24. Qe2 Bc6 25. Bc1 Ra7 26. Qf2 Rf8 27. Bd2 Rfa8 28. Ne2
Ra3 29. Nf4 Bxf4 30. Bxf5 Be5 31. Bh3 Ra2 32. Rfd1 Rc2 33. Qh4 Bf6 34. Qf4 Raa2
35. Be1 e5 36. Qg4 Bb7 37. Bh4 g5 38. Bg3 d4 39. exd4 exd4 40. Bxc7 Qxc7 41.
Qe6+ Qf7 42. Re1 Bd5 43. Qxd5 Qxd5 44. Be6+ Qxe6 45. Rxe6 Kf7 46. Rd6 Rxg2 47.
c6 Rxh2+ 48. Kg1 Rhc2 49. Rd7+ Kg6 50. c7 d3 51. Rxd3 Rxc7 52. Rh3 Ra1 53. Rxa1
Bxa1 0-1